000 00591nam a22002057a 4500
005 20260331115705.0
008 260331b |||||||| |||| 00| 0 eng d
020 _a9789354662393
040 _cAL
041 _aEnglish
082 _a621.3192
_bKANC
100 _aA Nagoor Kani
_9259829
245 _aCircuit Analysis
250 _a2
260 _aNew Delhi
_bCBS Publishers and distributors Pvt Ltd
_c2025
300 _a796 p.
_bPB
_c24x17 cm.
365 _aVBI-2645
_b₹596.25
_c
_d₹795.00
_e25%
_f20-02-2026
650 _aFor anna university ECE Course
_9259830
942 _2ddc
_cBK
999 _c241089
_d241089